000 01046nam a22003017a 4500
001 BR2012001103
003 BR-BrBNA
005 20230928103856.0
007 ta
008 230509b bl.||||| |||| 00| 0 por d
040 _aBR-BrBNA
_bpor
_cBiblioteca Nacional de Agricultura
041 _a(Por)
072 _aL70
_b8830
_b4030
090 _ 8830 BR2012001103
100 1 _aDrummond, B.L.
110 1 _aUniversidade Federal de Minas Gerais, Belo Horizonte (Brasil). Escola de Veterinária
_0Tese (Mestre em Ciência Animal)
245 1 _aSubfração PnTx 3-6 do veneno da aranha armadeira (Phoneutria nigriventer)no tratamento de ratos wistar submetidos ao trauma agudo compressivo à medula espinhal
260 3 _aBelo Horizonte, MG (Brasil):
_c2010.
300 _a52 p.
500 _aSummaries (Eng, Por); Bibliography p. 47-52; 8 illus.
650 _aANIMAL DE LABORATÓRIO
650 _aRATO
650 _aARANHA
650 _aMEDULA ESPINAL
650 _aMEDICAMENTO
909 _a202309
_bLucia
_c55
_dLucia Elande
942 _cBK
999 _c77030
_d77030